[Event "HUN-chT2 Asztalos 1516"]
[Site "Hungary"]
[Date "2016.03.20"]
[Round "9.6"]
[White "Pap, Bela"]
[Black "Barbarics, Tamas"]
[Result "0-1"]
[WhiteElo "1625"]
[BlackElo "1996"]
[PlyCount "50"]
[EventDate "2015.09.13"]
[EventType "team-tourn"]
[EventRounds "11"]
[EventCountry "HUN"]
[SourceTitle "EXT 2017"]
[Source "ChessBase"]
[SourceDate "2016.10.25"]
[SourceVersion "1"]
[SourceVersionDate "2016.10.25"]
[SourceQuality "1"]
[WhiteTeam "Sarosd"]
[BlackTeam "Decs 1990 II"]
[WhiteTeamCountry "HUN"]
[BlackTeamCountry "HUN"]

1. d4 d5 2. Bf4 Nf6 3. Nc3 c6 4. Nf3 e6 5. a3 Be7 6. h4 Nbd7 7. h5 c5 8. e3 a6 9. Nh2 b5 10. b4 cxb4 11. axb4 Bxb4 12. Bxb5 Bxc3+ 13. Ke2 Bxa1 14. Qxa1 Nxh5 15. Bd3 Nxf4+ 16. exf4 Nf6 17. Nf3 Bd7 18. Ne5 Bb5 19. Qa3 Nd7 20. Bxb5 axb5 21. Qg3 Nxe5 22. Qxg7 Ng6 23. g4 Nxf4+ 24. Kf3 Ng6 25. Kg3 Qc7+ 0-1

[Event "HUN-chT2 Asztalos 1415"]
[Site "Hungary"]
[Date "2015.03.01"]
[Round "7"]
[White "Huszar, Gabor"]
[Black "Barbarics, Tamas"]
[Result "1/2-1/2"]
[WhiteElo "1954"]
[BlackElo "2049"]
[PlyCount "34"]
[EventDate "2014.10.12"]
[EventType "team-tourn"]
[EventRounds "9"]
[EventCountry "HUN"]
[SourceTitle "EXT 2016"]
[Source "ChessBase"]
[SourceDate "2015.10.08"]
[SourceVersion "1"]
[SourceVersionDate "2015.10.08"]
[SourceQuality "1"]
[WhiteTeam "Peti MTE"]
[BlackTeam "Decs II"]
[WhiteTeamCountry "HUN"]
[BlackTeamCountry "HUN"]

1. d4 d5 2. Bf4 Nf6 3. Nf3 c6 4. c3 Bf5 5. e3 Nbd7 6. Bd3 Bg6 7. h3 Qb6 8. b3 e6 9. 0-0 c5 10. Bxg6 hxg6 11. Nbd2 Bd6 12. Bxd6 Qxd6 13. Qe2 0-0 14. e4 dxe4 15. Nxe4 Qd5 16. Nxc5 Nxc5 17. dxc5 Qxc5 1/2-1/2

[Event "HUN-chT2 Asztalos 1314"]
[Site "Hungary"]
[Date "2014.03.02"]
[Round "6.7"]
[White "Barbarics, Tamas"]
[Black "Fellegi, Zoltan"]
[Result "1/2-1/2"]
[WhiteElo "2046"]
[BlackElo "2071"]
[PlyCount "45"]
[EventDate "2013.09.08"]
[EventType "team-tourn"]
[EventRounds "9"]
[EventCountry "HUN"]
[SourceTitle "EXT 2016"]
[Source "ChessBase"]
[SourceDate "2015.10.08"]
[SourceVersion "1"]
[SourceVersionDate "2015.10.08"]
[SourceQuality "1"]
[WhiteTeam "Decs 1990 II"]
[BlackTeam "Fehervar"]
[WhiteTeamCountry "HUN"]
[BlackTeamCountry "HUN"]

1. d4 Nf6 2. Nc3 d5 3. Bg5 g6 4. Bxf6 exf6 5. e3 Bg7 6. Qf3 c6 7. Bd3 0-0 8. Nge2 Nd7 9. h4 f5 10. h5 Nf6 11. Ng3 Ne4 12. Nce2 c5 13. c3 Qb6 14. 0-0-0 c4 15. Bb1 Qd6 16. Nxe4 fxe4 17. Qf4 Qxf4 18. Nxf4 Rd8 19. hxg6 fxg6 20. f3 g5 21. Nh5 Bf5 22. Ng3 Bg6 23. fxe4 1/2-1/2

[Event "HUN-chT2 Asztalos 1213"]
[Site "Hungary"]
[Date "2012.12.02"]
[Round "5.6"]
[White "Barbarics, Tamas"]
[Black "Szijarto, Attila"]
[Result "0-1"]
[WhiteElo "2053"]
[BlackElo "2101"]
[PlyCount "146"]
[EventDate "2012.09.16"]
[EventType "team-tourn"]
[EventRounds "9"]
[EventCountry "HUN"]
[SourceTitle "EXT 2014"]
[Source "ChessBase"]
[SourceDate "2013.11.20"]
[SourceVersion "1"]
[SourceVersionDate "2013.11.20"]
[SourceQuality "1"]
[WhiteTeam "Decs II"]
[BlackTeam "Nagyatad"]
[WhiteTeamCountry "HUN"]
[BlackTeamCountry "HUN"]

1. d4 Nf6 2. Nc3 d5 3. Bg5 c6 4. Bxf6 exf6 5. e3 Bd6 6. Bd3 0-0 7. Qf3 a5 8. Nge2 Na6 9. a3 Nc7 10. h4 Qd7 11. Rg1 Qg4 12. Qxg4 Bxg4 13. f3 Bd7 14. g4 Rfe8 15. Kf2 c5 16. Bf5 Bc6 17. g5 fxg5 18. hxg5 Ne6 19. Rae1 Re7 20. Nd1 Rae8 21. c3 Bb5 22. Bxe6 Rxe6 23. Nf4 Bxf4 24. exf4 Re2+ 25. Rxe2 Rxe2+ 26. Kg3 cxd4 27. cxd4 Rd2 28. Ne3 Bc6 29. Nf5 Rxb2 30. Ne7+ Kf8 31. Nxc6 bxc6 32. Rc1 Rb6 33. Rc5 Ra6 34. a4 Ke7 35. f5 f6 36. g6 h6 37. Rc2 Kd6 38. Rb2 Ra7 39. Rb8 Kc7 40. Rg8 Kb6 41. Re8 Rc7 42. Rb8+ Ka7 43. Rd8 Kb7 44. Kf4 Re7 45. Kg3 Kb6 46. Rb8+ Rb7 47. Rd8 Ra7 48. Rb8+ Kc7 49. Rg8 Kd6 50. Rd8+ Rd7 51. Ra8 Rc7 52. Rxa5 c5 53. Ra6+ Kd7 54. dxc5 Rxc5 55. Ra7+ Rc7 56. Ra5 Kd6 57. Ra6+ Ke5 58. Ra5 Kd4 59. Kf4 Kc4 60. Ra8 Kc3 61. a5 d4 62. a6 d3 63. Rd8 d2 64. Ke3 Re7+ 65. Kf2 Kc2 66. Rc8+ Kd1 67. Rc6 h5 68. Rb6 Re2+ 69. Kf1 Re1+ 70. Kf2 Kc2 71. a7 d1Q 72. a8Q Re2+ 73. Kg3 Qg1+ 0-1

[Event "HUN-chT2 Asztalos 1112"]
[Site "Hungary"]
[Date "2012.02.19"]
[Round "6.8"]
[White "Barbarics, Tamas"]
[Black "Koppany, Tamas"]
[Result "0-1"]
[WhiteElo "2076"]
[BlackElo "2078"]
[PlyCount "56"]
[EventDate "2011.09.25"]
[EventType "team-tourn"]
[EventRounds "11"]
[EventCountry "HUN"]
[SourceTitle "EXT 2013"]
[Source "ChessBase"]
[SourceDate "2012.11.22"]
[SourceVersion "1"]
[SourceVersionDate "2012.11.22"]
[SourceQuality "1"]
[WhiteTeam "Decs II"]
[BlackTeam "Nagyatad"]
[WhiteTeamCountry "HUN"]
[BlackTeamCountry "HUN"]

1. d4 d5 2. Nc3 Nf6 3. Bg5 Nbd7 4. Nf3 c6 5. e3 Qa5 6. Qd2 e6 7. Bxf6 Nxf6 8. Ne5 Bb4 9. f3 Nd7 10. Nxd7 Bxd7 11. Be2 c5 12. 0-0 cxd4 13. Qxd4 0-0 14. Nd1 Bc5 15. Qf4 Qb6 16. Kh1 Bd6 17. Qh4 e5 18. c4 dxc4 19. Bxc4 Qb4 20. a3 Qb6 21. e4 Rac8 22. Bd5 Rc2 23. Rf2 Rfc8 24. Rxc2 Rxc2 25. Qe1 Bc5 26. b4 Qg6 27. g3 Rxh2+ 28. Kxh2 Qh5+ 0-1

[Event "HUN-chT2 Asztalos 1112"]
[Site "Hungary"]
[Date "2011.11.27"]
[Round "4.8"]
[White "Barbarics, Tamas"]
[Black "Csatho, Gabor"]
[Result "1-0"]
[WhiteElo "2076"]
[BlackElo "1804"]
[PlyCount "35"]
[EventDate "2011.09.25"]
[EventType "team-tourn"]
[EventRounds "11"]
[EventCountry "HUN"]
[SourceTitle "EXT 2013"]
[Source "ChessBase"]
[SourceDate "2012.11.22"]
[SourceVersion "1"]
[SourceVersionDate "2012.11.22"]
[SourceQuality "1"]
[WhiteTeam "Decs II"]
[BlackTeam "Dunaujvaros"]
[WhiteTeamCountry "HUN"]
[BlackTeamCountry "HUN"]

1. d4 Nf6 2. Nc3 d5 3. Bg5 Ne4 4. Nxe4 dxe4 5. e3 c6 6. c3 Qb6 7. Qd2 e6 8. f3 exf3 9. Nxf3 f6 10. Bf4 Nd7 11. Bc4 c5 12. 0-0-0 cxd4 13. exd4 Qc6 14. Bxe6 Qxe6 15. Rhe1 Ne5 16. dxe5 Be7 17. exf6 Qxf6 18. Bg5 1-0

[Event "HUN-chT2 Charousek 1011"]
[Site "Hungary"]
[Date "2011.05.01"]
[Round "10"]
[White "Goczo, Melinda"]
[Black "Barbarics, Tamas"]
[Result "1-0"]
[WhiteElo "2206"]
[BlackElo "2097"]
[PlyCount "89"]
[EventDate "2010.09.12"]
[EventType "team-tourn"]
[EventRounds "11"]
[EventCountry "HUN"]
[SourceTitle "EXT 2012"]
[Source "ChessBase"]
[SourceDate "2011.11.24"]
[SourceVersion "1"]
[SourceVersionDate "2011.11.24"]
[SourceQuality "1"]
[WhiteTeam "Tatai Honved"]
[BlackTeam "Decs II"]
[WhiteTeamCountry "HUN"]
[BlackTeamCountry "HUN"]

1. c4 e6 2. Nf3 d5 3. e3 Nf6 4. b3 Nbd7 5. Bb2 c6 6. Be2 Bd6 7. cxd5 exd5 8. 0-0 0-0 9. d3 Qe7 10. Nbd2 Ne5 11. Nxe5 Bxe5 12. Bxe5 Qxe5 13. b4 Qe7 14. Rb1 a6 15. h3 Bf5 16. Rb2 Nd7 17. Nf3 Ne5 18. Nd4 Bd7 19. Qd2 f5 20. f4 Nf7 21. Re1 g5 22. Bf1 Qf6 23. Qf2 Kh8 24. Rbb1 Rg8 25. Qb2 g4 26. hxg4 Rxg4 27. Nf3 Kg7 28. Qxf6+ Kxf6 29. a4 h5 30. Kf2 Rgg8 31. Be2 Rh8 32. Rh1 Be8 33. Rh4 Nd8 34. Nd4 Ne6 35. Nxe6 Kxe6 36. d4 a5 37. b5 cxb5 38. Bxb5 Bxb5 39. Rxb5 Ra7 40. Rh1 Rh7 41. Rc1 Ra6 42. Rcb1 Rc7 43. Rxb7 Rc2+ 44. Kf3 Ra2 45. Rh7 1-0

[Event "HUN-chT2 Charousek 1011"]
[Site "Hungary"]
[Date "2011.04.10"]
[Round "8"]
[White "Toth, Gergely"]
[Black "Barbarics, Tamas"]
[Result "1-0"]
[WhiteElo "2131"]
[BlackElo "2097"]
[PlyCount "81"]
[EventDate "2010.09.12"]
[EventType "team-tourn"]
[EventRounds "11"]
[EventCountry "HUN"]
[SourceTitle "EXT 2012"]
[Source "ChessBase"]
[SourceDate "2011.11.24"]
[SourceVersion "1"]
[SourceVersionDate "2011.11.24"]
[SourceQuality "1"]
[WhiteTeam "Paks II"]
[BlackTeam "Decs II"]
[WhiteTeamCountry "HUN"]
[BlackTeamCountry "HUN"]

1. e4 e6 2. d4 d5 3. Nc3 dxe4 4. Nxe4 Be7 5. Nf3 Nd7 6. Be3 Ngf6 7. Nxf6+ Nxf6 8. Bd3 Bd7 9. Ne5 c5 10. 0-0 Rc8 11. Qf3 cxd4 12. Bxd4 Bc6 13. Nxc6 bxc6 14. Be3 Qa5 15. c4 0-0 16. Rfd1 Bc5 17. Bd2 Bb4 18. Be3 Bc5 19. Bd2 Bb4 20. Bf4 Qh5 21. Qg3 Bc5 22. h3 Rfd8 23. Be5 Qh6 24. a3 a5 25. Bc3 Bd6 26. Qf3 Qg5 27. Bc2 Be7 28. Rxd8+ Bxd8 29. Rd1 Be7 30. Rd3 Qc1+ 31. Qd1 Qxd1+ 32. Rxd1 Bd8 33. Ba4 Ne4 34. Be1 Bb6 35. Bc2 Nf6 36. b4 axb4 37. Bxb4 c5 38. Bc3 Ra8 39. Rd6 Ba7 40. Ra6 Nd7 41. Be4 1-0

[Event "HUN-chT2 Asztalos 0910"]
[Site "Hungary"]
[Date "2010.04.11"]
[Round "9"]
[White "Barbarics, Tamas"]
[Black "Trapp, Imre"]
[Result "1-0"]
[WhiteElo "2077"]
[BlackElo "1943"]
[PlyCount "69"]
[EventDate "2009.11.08"]
[EventType "team-tourn"]
[EventRounds "11"]
[EventCountry "HUN"]
[SourceTitle "EXT 2011"]
[Source "ChessBase"]
[SourceDate "2010.11.26"]
[SourceVersion "1"]
[SourceVersionDate "2010.11.26"]
[SourceQuality "1"]
[WhiteTeam "Decs II"]
[BlackTeam "Szenna Pack"]
[WhiteTeamCountry "HUN"]
[BlackTeamCountry "HUN"]

1. d4 Nf6 2. Nc3 d5 3. Bg5 g6 4. Nf3 Bg7 5. e3 0-0 6. Bd3 c6 7. 0-0 Re8 8. e4 dxe4 9. Nxe4 Nxe4 10. Bxe4 Bg4 11. c3 Qa5 12. Be3 e6 13. h3 Bxf3 14. Bxf3 Nd7 15. b4 Qc7 16. Qb3 Nb6 17. Rac1 Qd8 18. Rfd1 Qh4 19. b5 Rac8 20. a4 Nd5 21. c4 Nxe3 22. fxe3 Qg5 23. Rf1 Red8 24. c5 Qg3 25. Be2 Rd5 26. Rf3 Qg5 27. bxc6 bxc6 28. Qb7 Rf8 29. Rcf1 Rf5 30. Qxc6 Rxf3 31. Rxf3 Qh4 32. Qb5 e5 33. dxe5 Bxe5 34. c6 Bc7 35. Qb7 1-0

[Event "HUN-chT2 Asztalos 0809"]
[Site "Hungary"]
[Date "2008.11.30"]
[Round "3"]
[White "Barbarics, Tamas"]
[Black "Bernath, Sandor"]
[Result "1/2-1/2"]
[WhiteElo "2077"]
[BlackElo "1914"]
[PlyCount "53"]
[EventDate "2008.10.26"]
[EventType "team-tourn"]
[EventRounds "11"]
[EventCountry "HUN"]
[SourceTitle "EXT 2010"]
[Source "ChessBase"]
[SourceDate "2010.11.25"]
[SourceVersion "1"]
[SourceVersionDate "2010.11.25"]
[SourceQuality "1"]
[WhiteTeam "Szekszard/Decs II"]
[BlackTeam "Baja"]
[WhiteTeamCountry "HUN"]
[BlackTeamCountry "HUN"]

1. d4 Nf6 2. Nc3 d5 3. Bg5 e6 4. e4 dxe4 5. Nxe4 Be7 6. Bxf6 Bxf6 7. c3 Bd7 8. Bd3 Bc6 9. Qe2 Bxe4 10. Bxe4 c6 11. f4 Qe7 12. Nf3 Nd7 13. h4 h6 14. g4 g6 15. 0-0-0 0-0-0 16. Rde1 Rde8 17. Qd3 Qd8 18. f5 exf5 19. gxf5 g5 20. hxg5 hxg5 21. Rxh8 Rxh8 22. Qc4 Rf8 23. Qa4 Kb8 24. Qb3 Nb6 25. Ne5 Qc7 26. Bg2 Ka8 27. Kd2 1/2-1/2

[Event "HUN-chT2 Asztalos 0809"]
[Site "Hungary"]
[Date "2008.11.02"]
[Round "2"]
[White "Konya, Attila Sr"]
[Black "Barbarics, Tamas"]
[Result "1/2-1/2"]
[WhiteElo "1746"]
[BlackElo "2077"]
[PlyCount "64"]
[EventDate "2008.10.26"]
[EventType "team-tourn"]
[EventRounds "11"]
[EventCountry "HUN"]
[SourceTitle "EXT 2010"]
[Source "ChessBase"]
[SourceDate "2010.11.25"]
[SourceVersion "1"]
[SourceVersionDate "2010.11.25"]
[SourceQuality "1"]
[WhiteTeam "Pannonpower II"]
[BlackTeam "Szekszard/Decs II"]
[WhiteTeamCountry "HUN"]
[BlackTeamCountry "HUN"]

1. e4 e6 2. d4 d5 3. Nc3 Bb4 4. e5 c5 5. a3 Ba5 6. Qg4 Ne7 7. Bd3 cxd4 8. Qxd4 Nbc6 9. Qa4 d4 10. b4 dxc3 11. bxa5 Qd5 12. f4 Bd7 13. Be4 Qxa5 14. Qxa5 Nxa5 15. Rb1 Rc8 16. Ne2 b6 17. Nd4 Rc4 18. Rb4 0-0 19. Bd3 Rxb4 20. axb4 Nac6 21. Nxc6 Bxc6 22. Kf2 Nd5 23. b5 Bd7 24. Ba3 Rc8 25. g3 f6 26. Bd6 fxe5 27. fxe5 g6 28. Ra1 Ra8 29. Kf3 Bc8 30. Ra4 Bb7 31. Ke2 Kf7 32. Be4 a6 1/2-1/2

[Event "HUN-chT2 Asztalos 0809"]
[Site "Hungary"]
[Date "2008.10.26"]
[Round "1"]
[White "Forgacs, Istvan"]
[Black "Barbarics, Tamas"]
[Result "1/2-1/2"]
[WhiteElo "1932"]
[BlackElo "2077"]
[PlyCount "36"]
[EventDate "2008.10.26"]
[EventType "team-tourn"]
[EventRounds "11"]
[EventCountry "HUN"]
[SourceTitle "EXT 2010"]
[Source "ChessBase"]
[SourceDate "2010.11.25"]
[SourceVersion "1"]
[SourceVersionDate "2010.11.25"]
[SourceQuality "1"]
[WhiteTeam "Mohacs"]
[BlackTeam "Szekszard/Decs II"]
[WhiteTeamCountry "HUN"]
[BlackTeamCountry "HUN"]

1. e4 e6 2. c4 d5 3. exd5 exd5 4. cxd5 Nf6 5. Nc3 Nxd5 6. Nf3 Nxc3 7. bxc3 Bd6 8. Be2 0-0 9. 0-0 c5 10. d4 cxd4 11. cxd4 Nd7 12. Bb2 Qf6 13. Rb1 b6 14. Bb5 Rd8 15. d5 Ne5 16. Bxe5 Bxe5 17. Nxe5 Qxe5 18. Bc6 Bf5 1/2-1/2

[Event "HUN-chT2 Asztalos 0708"]
[Site "Hungary"]
[Date "2008.03.16"]
[Round "8"]
[White "Barbarics, Tamas"]
[Black "Berta, Tibor"]
[Result "1/2-1/2"]
[WhiteElo "2072"]
[BlackElo "2125"]
[PlyCount "35"]
[EventDate "2007.10.14"]
[EventType "team"]
[EventRounds "11"]
[EventCountry "HUN"]
[SourceTitle "EXT 2009"]
[Source "ChessBase"]
[SourceDate "2008.11.26"]
[SourceVersion "1"]
[SourceVersionDate "2008.11.26"]
[SourceQuality "1"]
[WhiteTeam "Szekszard"]
[BlackTeam "Paks ASE"]
[WhiteTeamCountry "HUN"]
[BlackTeamCountry "HUN"]

1. d4 Nf6 2. Nc3 d6 3. e4 g6 4. Bg5 Bg7 5. f4 0-0 6. Nf3 a6 7. Bd3 b5 8. e5 Nfd7 9. 0-0 Bb7 10. Bh4 Nb6 11. Ne2 Re8 12. f5 Bxf3 13. Rxf3 dxe5 14. dxe5 Bxe5 15. Qf1 N8d7 16. Be4 Rb8 17. Bc6 Nc4 18. fxg6 1/2-1/2

[Event "HUN-chT2 Asztalos 0708"]
[Site "Hungary"]
[Date "2008.02.17"]
[Round "6"]
[White "Barbarics, Tamas"]
[Black "Percze, Gabor"]
[Result "1-0"]
[WhiteElo "2072"]
[BlackElo "2074"]
[PlyCount "89"]
[EventDate "2007.10.14"]
[EventType "team"]
[EventRounds "11"]
[EventCountry "HUN"]
[SourceTitle "EXT 2009"]
[Source "ChessBase"]
[SourceDate "2008.11.26"]
[SourceVersion "1"]
[SourceVersionDate "2008.11.26"]
[SourceQuality "1"]
[WhiteTeam "Szekszard"]
[BlackTeam "Nagyatad"]
[WhiteTeamCountry "HUN"]
[BlackTeamCountry "HUN"]

1. d4 f5 2. Nc3 Nf6 3. Bg5 d5 4. Bxf6 exf6 5. e3 Be6 6. Bd3 Nc6 7. Qf3 g6 8. Nge2 Bg7 9. Nf4 Qd7 10. Nxe6 Qxe6 11. Qxd5 Qxd5 12. Nxd5 0-0-0 13. c4 Rhe8 14. 0-0-0 Ne7 15. Nf4 Bh8 16. Rhe1 Nc6 17. a3 Rd7 18. h4 Rde7 19. Kd2 Kb8 20. b4 Nd8 21. Rh1 c6 22. h5 Ne6 23. Nxe6 Rxe6 24. hxg6 hxg6 25. Rh6 f4 26. Rdh1 fxe3+ 27. fxe3 Bg7 28. Rxg6 Bf8 29. e4 a5 30. d5 cxd5 31. exd5 Re5 32. Kc3 axb4+ 33. axb4 Rc8 34. Rxf6 Bg7 35. Rg6 Rh5+ 36. Rxg7 Rxh1 37. c5 Rh6 38. d6 Rxd6 39. Be4 Rdd8 40. Rxb7+ Ka8 41. Kc4 Re8 42. Bf3 Rg8 43. b5 Rgf8 44. Rg7+ Kb8 45. b6 1-0

[Event "HUN-chT2 Asztalos 0607"]
[Site "Hungary"]
[Date "2007.03.04"]
[Round "6"]
[White "Barbarics, Tamas"]
[Black "Nagy, Miklos"]
[Result "1-0"]
[WhiteElo "2083"]
[BlackElo "2099"]
[PlyCount "97"]
[EventDate "2006.11.12"]
[EventType "team"]
[EventRounds "11"]
[EventCountry "HUN"]
[SourceTitle "EXT 2008"]
[Source "ChessBase"]
[SourceDate "2007.11.25"]
[SourceVersion "1"]
[SourceVersionDate "2007.11.25"]
[SourceQuality "1"]
[WhiteTeam "Szekszard"]
[BlackTeam "OK Travel"]
[WhiteTeamCountry "HUN"]
[BlackTeamCountry "HUN"]

1. d4 b5 2. e4 Bb7 3. f3 e6 4. Bf4 g5 5. Bg3 c5 6. c3 Bg7 7. dxc5 b4 8. Qb3 Nc6 9. Bb5 Nge7 10. Ne2 Qa5 11. Bxc6 Nxc6 12. Bd6 Be5 13. Bxe5 Nxe5 14. cxb4 Qxb4+ 15. Qxb4 Nd3+ 16. Kd2 Nxb4 17. a3 Na6 18. b4 f5 19. exf5 exf5 20. Re1 0-0-0 21. Nbc3 g4 22. Nd4 gxf3 23. gxf3 Rhg8 24. Ncb5 Bd5 25. Nd6+ Kb8 26. N6xf5 Rgf8 27. Re5 Be6 28. Kc3 Nc7 29. Rd1 Nd5+ 30. Kb2 Nf4 31. c6 Bxf5 32. Rxf5 Rxf5 33. Nxf5 d5 34. Nd4 Kc7 35. Rg1 Kd6 36. Rg7 a5 37. c7 Rc8 38. Nb5+ Kc6 39. Na7+ Kb7 40. Nxc8 Kxc8 41. bxa5 Nd3+ 42. Kc3 Nc5 43. Rxh7 d4+ 44. Kxd4 Nb3+ 45. Kd5 Nxa5 46. f4 Nc6 47. Rh8+ Kb7 48. c8Q+ Ka7 49. Rh7+ 1-0

[Event "HUN-chT2 Asztalos 0506"]
[Site "Hungary"]
[Date "2006.02.12"]
[Round "7"]
[White "Barbarics, Tamas"]
[Black "Kohalmi, Endre Jr"]
[Result "1-0"]
[WhiteElo "2094"]
[BlackElo "2011"]
[PlyCount "52"]
[EventDate "2005.10.16"]
[EventType "team"]
[EventRounds "11"]
[EventCountry "HUN"]
[SourceTitle "EXT 2009"]
[Source "ChessBase"]
[SourceDate "2008.11.26"]
[SourceVersion "1"]
[SourceVersionDate "2008.11.26"]
[SourceQuality "1"]
[WhiteTeam "Szekszard"]
[BlackTeam "Komlo Banyasz"]
[WhiteTeamCountry "HUN"]
[BlackTeamCountry "HUN"]

1. d4 Nf6 2. Nc3 d6 3. e4 e5 4. dxe5 dxe5 5. Qxd8+ Kxd8 6. Bg5 Be6 7. 0-0-0+ Kc8 8. Bxf6 gxf6 9. Nd5 Nd7 10. Ne2 c6 11. Ndc3 Bc5 12. f3 Nb6 13. Ng3 h5 14. Nf5 Kc7 15. a3 a5 16. g4 Rag8 17. Be2 Bc4 18. h3 Bxe2 19. Nxe2 Nc4 20. Neg3 h4 21. Nh5 Ne3 22. Nxe3 Bxe3+ 23. Kb1 Bg5 24. Rd3 Rd8 25. Rhd1 Rxd3 26. Rxd3 Rg8 1-0

[Event "HUN-chT2 Asztalos 0506"]
[Site "Hungary"]
[Date "2005.11.27"]
[Round "4"]
[White "Nadi, Ferenc"]
[Black "Barbarics, Tamas"]
[Result "1-0"]
[WhiteElo "2002"]
[BlackElo "2094"]
[PlyCount "57"]
[EventDate "2005.10.16"]
[EventType "team"]
[EventRounds "11"]
[EventCountry "HUN"]
[SourceTitle "EXT 2009"]
[Source "ChessBase"]
[SourceDate "2008.11.26"]
[SourceVersion "1"]
[SourceVersionDate "2008.11.26"]
[SourceQuality "1"]
[WhiteTeam "MAV Elore"]
[BlackTeam "Szekszard"]
[WhiteTeamCountry "HUN"]
[BlackTeamCountry "HUN"]

1. e4 e6 2. d4 d5 3. e5 c5 4. c3 Nc6 5. Nf3 Qb6 6. a3 Bd7 7. b4 cxd4 8. cxd4 Nge7 9. Be2 Nf5 10. Bb2 a6 11. 0-0 Be7 12. Kh1 f6 13. Bd3 Nh6 14. Nc3 fxe5 15. Nxe5 Nxe5 16. dxe5 0-0 17. Qe2 Be8 18. Rac1 Nf5 19. Qc2 g6 20. Ne2 Bb5 21. Bxb5 Qxb5 22. Qd2 Rac8 23. f4 Rfd8 24. g4 Nh4 25. Nd4 Qd7 26. f5 exf5 27. gxf5 Rc4 28. f6 Rxc1 29. Bxc1 1-0

[Event "HUN-chT2 Asztalos 0506"]
[Site "Hungary"]
[Date "2005.10.30"]
[Round "2"]
[White "Barbarics, Tamas"]
[Black "Ronga, Attila"]
[Result "1-0"]
[WhiteElo "2094"]
[BlackElo "2096"]
[PlyCount "121"]
[EventDate "2005.10.16"]
[EventType "team"]
[EventRounds "11"]
[EventCountry "HUN"]
[SourceTitle "EXT 2009"]
[Source "ChessBase"]
[SourceDate "2008.11.26"]
[SourceVersion "1"]
[SourceVersionDate "2008.11.26"]
[SourceQuality "1"]
[WhiteTeam "Szekszard"]
[BlackTeam "Szenna Pack II"]
[WhiteTeamCountry "HUN"]
[BlackTeamCountry "HUN"]

1. d4 Nf6 2. Nc3 d5 3. Bg5 Nbd7 4. Nf3 e6 5. e4 dxe4 6. Nxe4 Be7 7. Bxf6 Nxf6 8. Bd3 b6 9. Ne5 Qd5 10. f3 Bb7 11. c3 c6 12. Qe2 0-0 13. 0-0 Rac8 14. Bc4 Qd8 15. Rad1 Nd5 16. f4 Qc7 17. Qh5 Nf6 18. Nxf6+ Bxf6 19. Bd3 g6 20. Qg4 c5 21. f5 Bxe5 22. dxe5 Qxe5 23. Rde1 Qd6 24. Re3 exf5 25. Bxf5 Rc7 26. Rh3 f6 27. Rd1 Qe5 28. Qc4+ Kg7 29. Qh4 Kh8 30. Bxg6 Qg5 31. Qxg5 fxg5 32. Bc2 Rcf7 33. Rh5 Rf2 34. Rxh7+ Kg8 35. Rxb7 Rxc2 36. Rxa7 Rxb2 37. h3 Rf7 38. Rxf7 Kxf7 39. Rd6 Rc2 40. Rxb6 Rxc3 41. a4 Rc4 42. a5 Rb4 43. Kf2 Rf4+ 44. Kg3 Ra4 45. Rb5 Rc4 46. a6 Rc3+ 47. Kg4 Ra3 48. Rxc5 Rxa6 49. Rxg5 Kf6 50. Rb5 Ra4+ 51. Kh5 Ra2 52. g4 Ra3 53. h4 Ra4 54. Rf5+ Ke6 55. Kg5 Rb4 56. h5 Ra4 57. h6 Ra2 58. Kg6 Ra4 59. h7 Rxg4+ 60. Rg5 Rh4 61. Kg7 1-0